[Event "Bundesliga 0405"]
[Site "Germany"]
[Date "2005.01.29"]
[Round "8.7"]
[White "Ellers, Holger"]
[Black "Brendel, Oliver"]
[Result "1-0"]
[WhiteElo "2407"]
[BlackElo "2340"]
[Annotator "Mueller,Karsten"]
[PlyCount "141"]
[EventDate "2004.11.12"]
[EventType "team-tourn"]
[EventRounds "15"]
[EventCountry "GER"]
[SourceTitle "CBM 106"]
[Source "ChessBase"]
[SourceDate "2005.06.06"]
[SourceVersion "1"]
[SourceVersionDate "2005.06.06"]
[SourceQuality "1"]
[WhiteTeam "Wattenscheid"]
[BlackTeam "Hofheim"]
[WhiteTeamCountry "GER"]
[BlackTeamCountry "GER"]

1. d4 Nf6 2. c4 g6 3. Nf3 Bg7 4. g3 d5 5. Bg2 O-O 6. O-O dxc4 7. Na3 c3 8. bxc3
c5 9. e3 Nc6 10. Bb2 Bf5 11. Qe2 e5 12. Qb5 a6 13. Qxc5 Bd3 14. Nxe5 Nxe5 15.
Qxe5 Ne4 16. Qf4 Bxf1 17. Rxf1 Qb6 18. Bxe4 Qxb2 19. Nc4 Qxc3 20. Nd6 Qa5 21.
Qf3 Qxa2 22. Bxb7 Rad8 23. Bd5 Qa5 24. Bxf7+ Kh8 25. Nb7 Qc3 26. Nxd8 Rxd8 27.
Qb7 a5 28. Qe7 Rf8 29. h4 a4 30. Bd5 a3 31. Qe6 Qb2 32. Kg2 Rd8 33. h5 gxh5 34.
Ba2 Rf8 35. Bb1 Qb7+ 36. Be4 Qb2 37. Bd5 h4 38. gxh4 Qe2 39. Bc4 Qf3+ 40. Kg1
Rb8 41. Kh2 Rf8 42. Qd5 Qg4 43. Qg5 Qe4 44. Qg3 Qc2 45. Be6 Qe2 46. Rg1 Rxf2+
47. Rg2 Rxg2+ 48. Qxg2 Qxg2+ 49. Kxg2 Bf6 50. h5 Kg7 51. Kf3 h6 $2 {Gives away
an important tempo. Verschenkt ein wichtiges Tempo.} (51... Bd8 $1 52. e4 Bb6
53. Ke3 Kf6 54. Ba2 Bc7 {would have held things together, because hätte den
Laden zusammen gehalten, weil} 55. e5+ Bxe5 56. dxe5+ Kxe5 {is a draw. remis
ist.}) 52. Ba2 Kf8 {It is now too late Nun ist es für} ({for} 52... Bd8 {
bereits zu spät:} 53. e4 Bb6 54. Ke3 Kf6 55. e5+ Kf5 56. Bb1+ Kg5 57. Ke4 Kxh5
58. e6 Bd8 59. Kf5 Be7 60. d5 $18) 53. Kg4 Ke7 (53... Bg5 54. e4 Be3 55. d5 Bd4
56. Kf5 $18 {[%cal Ge4e5]}) 54. Kf5 Bg5 55. e4 Bd2 56. e5 Kd7 57. d5 Bg5 58.
Bb3 Be3 59. d6 Bg5 60. Bd5 Bh4 61. Kg6 Bg5 (61... Bg3 62. Kf6 Bf4 63. Be6+ Kd8
64. Kf5 Bg3 65. Ke4 Bh2 66. Bb3 Bg3 67. Kd5 Bf4 68. e6 Bg5 69. Ke5 Ke8 70. e7
Bxe7 71. dxe7 Kxe7 72. Kf5 Kd6 73. Kg6 Ke7 74. Ba2 $18) 62. Bb3 Bf4 63. Kf5 Bg5
64. Kg6 Bf4 65. Kf6 Bg5+ 66. Kf7 Bd8 67. Ba4+ Kc8 68. Bb3 Kd7 69. Be6+ Kc6 70.
Ke8 Bg5 71. Ba2 1-0

[Event "Linares 14th"]
[Site "Linares"]
[Date "1997.02.07"]
[Round "4"]
[White "Ivanchuk, Vassily"]
[Black "Polgar, Judit"]
[Result "0-1"]
[WhiteElo "2740"]
[BlackElo "2645"]
[Annotator "Psakhis,L"]
[PlyCount "38"]
[EventDate "1997.02.04"]
[EventType "tourn"]
[EventRounds "11"]
[EventCountry "ESP"]
[EventCategory "18"]
[SourceTitle "CBM 057"]
[Source "ChessBase"]
[SourceDate "1997.04.01"]
[SourceVersion "1"]
[SourceVersionDate "1997.04.01"]
[SourceQuality "1"]

1. d4 Nf6 2. c4 g6 3. Nf3 Bg7 4. g3 O-O 5. Bg2 d5 6. O-O Nc6 {It was a very
serious question what to do in open ing against Vasiliy Ivanchuk. His opening
knowledge are really tremendous. After long preparation we choose very rare
variation in Gruenfeld defence.} 7. Nc3 {This move was a big suprise for us,
but not unpleasant one. Usual 7.cxd5 Nxd5 8.Nc3 looks more promising for White.
} dxc4 8. d5 Nb4 $1 {Stronger than} (8... Na5 9. Qa4 c6 10. dxc6 Nxc6 11. Qxc4
Qa5 12. Qh4 Rd8 13. Bh6 Qh5 14. Qxh5 Nxh5 15. Bxg7 Kxg7 16. Rfd1 Be6 17. Ng5
$14 {1-0 Roos,J-Schmitt,A/French tch 1994 (29)}) 9. e4 $2 {[%csl Rd3] N/ New
and not very good move.White produced weakness on d3 and closed diagonal h1-a8.
It was played before} (9. Ne5 {and still Black has to fight for equality. For
example:} c6 (9... e6 10. dxe6 Bxe6 11. Bxb7 (11. Qa4 Nfd5 12. Nxd5 Nxd5 13.
Nxc4 Nb6 14. Nxb6 axb6 15. Qc2 c6 $10 {0-1 Di,M-Maier/Switzerland 1986 (46)})
11... Rb8 12. Bg2 $14) 10. dxc6 Nxc6 11. Nxc6 bxc6 12. Qa4 (12. Bxc6 Bh3) 12...
Be6 13. Bxc6 Rc8 14. Be3 a5 15. Rfd1 Qc7 16. Bf3 $14 {1/2-1/2 Voskanian,
V-Howell,J/Cannes op 1995 (35)}) 9... e6 $1 {Very strong and unexpected move
for Ivanchuk and it made big influence for a game. He waits just natural 9...
c6.} 10. Bg5 (10. Qa4 a5 11. a3 Bd7 12. Qd1 Nd3 $17) 10... h6 11. Be3 (11. Bxf6
Qxf6 12. e5 Qd8 13. dxe6 Bxe6 {also not to promising for White. also not
promising for White}) 11... Nd3 12. dxe6 (12. Ne1 {Maybe stonger} Nxe1 (12...
Nxb2 13. Qd2 exd5 14. exd5 (14. Qxb2 d4 15. Bd2 dxc3 16. Bxc3 c6 $17) 14... Nd3
15. Nxd3 cxd3 16. Bxh6 Bxh6 17. Qxh6 Bf5 18. h3 $13) 13. Rxe1 exd5 14. exd5 Bf5
$15) 12... Bxe6 13. h3 (13. Nd2 $2 Ng4 $19) 13... Qd7 $5 ({Good alternative
was also} 13... Nxb2 14. Qxd8 (14. Qb1 Nd3 15. Qxb7 Qd7 $17) 14... Rfxd8 15.
Rab1 Ng4 $5 16. Bc1 (16. Bd2 Rxd2 17. Nxd2 Bxc3 18. hxg4 Bxd2 19. Rxb2 c3 20.
Rc2 Bc4 $19) (16. Rxb2 Nxe3 17. fxe3 Bxc3 18. Rxb7 Ba5) (16. hxg4 Bxc3) 16...
Bxc3 17. Bxb2 (17. hxg4 Nd3 18. Rxb7 c5 19. Bxh6 Bxg4 $17)) 14. Qd2 {What else?
} (14. Kh2 Nxb2) (14. e5 Nd5 15. Nxd5 Bxd5 $19) 14... Bxh3 15. Bxh6 Rae8 $17 {
I'll be very surprised if Judit even dreamed about position like this, just
after 15 moves , before game. Ivanchuk was so disappointed now, that I suspect
it was mutial desire to finish game as soon as possible.} 16. Bxg7 Kxg7 17. Ng5
{Lose immediately, but} (17. Bxh3 Qxh3 18. Ng5 Qg4 19. Kg2 Nh5 {not much
better.}) 17... Bxg2 18. Kxg2 Nh5 $1 {[%cal Rd3f4,Rh5f4,Rf8h8]} 19. Qe3 (19.
Rfd1 Qg4 20. Nh3 f5 $5 21. exf5 (21. Qg5 Ndf4+ $1 $19) 21... Rxf5 $19) 19...
Ndf4+ $1 {Vasili decided stop his sufferings and resign immedeately.Any case
his position after} (19... Ndf4+ 20. Kf3 (20. gxf4 Qg4+ 21. Kh2 Rh8 22. Nh3
Nxf4 $19) (20. Kh2 Rh8) (20. Kg1 Qg4 21. Nf3 Nxg3 $19) 20... f6 21. Nh7 {
Ivanchuk} (21. gxf4 fxg5 22. f5 Rxf5+ $1 23. exf5 Qxf5+ 24. Kg2 Nf4+ $19) 21...
Kxh7 (21... g5 22. gxf4 Qh3+ 23. Ke2 Nxf4+ 24. Kd2) 22. gxf4 Qh3+ 23. Ke2 Qg4+
$19 {totally hopeless.}) 0-1

[Event "ESP-chT CECLUB Honor"]
[Site "Melilla"]
[Date "2011.11.26"]
[Round "7"]
[White "Van Wely, Loek"]
[Black "Edouard, Romain"]
[Result "1-0"]
[WhiteElo "2686"]
[BlackElo "2621"]
[Annotator "RR"]
[PlyCount "89"]
[EventDate "2011.11.21"]
[EventType "team-tourn"]
[EventRounds "7"]
[EventCountry "ESP"]
[SourceTitle "CBM 146"]
[Source "ChessBase"]
[SourceDate "2012.01.18"]
[SourceVersion "1"]
[SourceVersionDate "2012.01.18"]
[SourceQuality "1"]
[WhiteTeam "Taldea Gros Xake"]
[BlackTeam "Sestao"]
[WhiteTeamCountry "ESP"]
[BlackTeamCountry "ESP"]

1. d4 Nf6 2. c4 g6 3. Nf3 Bg7 4. g3 d5 5. Bg2 dxc4 6. Na3 c3 7. bxc3 O-O 8. O-O
c5 9. e3 Nc6 10. Qe2 Bf5 11. Rd1 Qa5 12. Bb2 cxd4 13. cxd4 Rac8 14. Nd2 Bg4 15.
f3 Bd7 16. Nb3 Qd8 17. Nc4 Nb4 18. Rdc1 Bb5 19. a4 Ba6 20. Bf1 Nbd5 21. Qe1 Bh6
22. f4 Nb6 23. Ncd2 Bxf1 24. Qxf1 Rxc1 25. Bxc1 Qd5 26. Qd3 Rc8 27. Ba3 Bf8 28.
e4 Qh5 29. Nc5 e6 30. Nf3 $6 (30. a5 Bxc5 31. Bxc5 $14) 30... Rc7 $6 (30... Nc4
31. Bb4 b6 $17) 31. Rb1 Nfd7 32. Rb5 Qh6 $6 (32... Nxc5 33. dxc5 Nxa4 $16) 33.
a5 $18 Nc8 $2 (33... Na8 34. Nxb7 Bxa3) 34. Nxd7 $18 Rxd7 35. Ne5 Rc7 36. Ng4
Qh3 37. Nf6+ Kh8 38. d5 Bxa3 39. Qxa3 Nd6 40. Rc5 Rxc5 41. Qxc5 Kg7 42. Qc3 Nb5
43. Qb2 a6 44. Nd7+ Kh6 45. Qh8 1-0

[Event "Sautron op 14th"]
[Site "Sautron"]
[Date "2014.10.25"]
[Round "5"]
[White "Maiorov, Nikita"]
[Black "Barbot, Pierre"]
[Result "1-0"]
[WhiteElo "2583"]
[BlackElo "2440"]
[Annotator "RR"]
[PlyCount "83"]
[EventDate "2014.10.26"]
[EventType "swiss"]
[EventRounds "9"]
[EventCountry "FRA"]
[SourceTitle "EXT 2015"]
[Source "ChessBase"]
[SourceDate "2014.11.20"]
[SourceVersion "1"]
[SourceVersionDate "2014.11.20"]
[SourceQuality "1"]
[TimeControl "40/5400+30:1800+30"]
[WhiteClock "0:47:45"]
[BlackClock "1:26:16"]

1. d4 {[%emt 0:02:16]} Nf6 {[%emt 0:00:00]} 2. Nf3 {[%emt 0:00:34]} g6 {
[%emt 0:00:00]} 3. g3 {[%emt 0:00:09]} Bg7 {[%emt 0:00:00]} 4. Bg2 {[%emt 0:00:
04]} d5 {[%emt 0:00:00]} 5. O-O {[%emt 0:00:07]} O-O {[%emt 0:00:00]} 6. c4 {
[%emt 0:00:03]} dxc4 {[%emt 0:00:02]} 7. Na3 {[%emt 0:00:03]} c5 {[%emt 0:00:
04]} (7... c3 {La grande ligne}) 8. dxc5 {[%emt 0:00:19]} (8. Nxc4 Na6 9. b3
Bf5 10. Bb2 Be4 11. Rc1 {Karpov,A (2735)-Polgar,J (2670) Hoogovens Wijk aan
Zee 1998 (10) 1-0}) 8... Nc6 {[%emt 0:05:37]} 9. Nxc4 {[%emt 0:02:59]} Be6 {
[%emt 0:00:13]} (9... Qxd1 10. Rxd1 Ne4 11. Be3 Be6 12. Rac1 Rfd8 13. Rd3 Nb4
14. Nfe5 Nxd3 15. exd3 Nxc5 16. Bxc5 Bxc4 17. Nxc4 Rac8 18. Bxe7 Rxd3 19. Bf1
Rd7 20. Re1 Re8 21. Bb4 Rxe1 22. Bxe1 Rd1 23. Bb4 b5 24. Ne3 Ra1 25. b3 a6 26.
Bc5 Rxa2 27. Nd5 Rc2 28. b4 a5 29. Bxb5 axb4 30. Bxb4 Bd4 31. Be1 Rc5 32. Bc6
Kg7 33. Bb7 Rb5 34. Bc6 Rc5 35. Bb7 Rb5 36. Bc6 {1/2-1/2 (36) Zysk,R (2437)
-Guilleux,F (2388) Paris 2011}) 10. Nce5 {[%emt 0:08:56]} Ne4 {[%emt 0:18:09]}
(10... Nxe5 11. Nxe5 Qc7 12. Nd3 $14 {[%cal Gd3c5]}) 11. Nxc6 {[%emt 0:05:06]}
bxc6 {[%emt 0:00:14]} 12. Qc2 {[%emt 0:00:33][%cal Gf1d1]} Bf5 $2 {[%emt 0:00:
48][%cal Ge4g3] Un coup naturel mais qui va être réfuté} (12... Bd5) 13. g4
$1 {[%emt 0:04:27] Gagne une pièce et le reste de la partie sera une lente
valorisation du matériel par le GMI} Ng3 {[%emt 0:00:39]} 14. gxf5 $18 {
[%emt 0:00:08]} Nxf1 {[%emt 0:00:02]} 15. Kxf1 {[%emt 0:00:25]} Rb8 {[%emt 0:
00:40]} 16. Rb1 {[%emt 0:00:29]} Qd5 {[%emt 0:00:03]} 17. b3 {[%emt 0:01:28]}
Rfd8 {[%emt 0:00:50]} 18. Bf4 {[%emt 0:06:57]} Rb5 {[%emt 0:00:41]} 19. Ne5 {
[%emt 0:08:31]} Rxc5 {[%emt 0:02:17]} 20. Bxd5 {[%emt 0:00:29]} Rxc2 {[%emt 0:
00:03]} 21. Nxc6 {[%emt 0:02:24]} Rd7 {[%emt 0:00:07]} 22. fxg6 {[%emt 0:04:22]
} hxg6 {[%emt 0:01:46]} 23. a4 {[%emt 0:01:29]} e6 {[%emt 0:05:25]} 24. Bc4 {
[%emt 0:00:58]} Kh7 {[%emt 0:02:51]} 25. Be3 {[%emt 0:02:03]} Bh6 {[%emt 0:00:
40]} 26. Nb4 {[%emt 0:10:15]} Rc3 {[%emt 0:01:25]} 27. Bxh6 {[%emt 0:00:19]}
Kxh6 {[%emt 0:00:07]} 28. Nd3 {[%emt 0:00:08]} Rc2 {[%emt 0:00:54]} 29. Ra1 {
[%emt 0:00:04]} Kg5 {[%emt 0:00:57]} 30. Ke1 {[%emt 0:00:13]} Kf6 {[%emt 0:00:
48]} 31. a5 {[%emt 0:01:33]} e5 {[%emt 0:01:27]} 32. f3 {[%emt 0:00:36]} Rd4 {
[%emt 0:00:26]} 33. Nb4 {[%emt 0:05:12]} Rb2 {[%emt 0:01:39]} 34. Nc6 {[%emt 0:
00:13]} Rh4 {[%emt 0:00:27]} 35. Kd1 {[%emt 0:05:53]} Rxh2 {[%emt 0:00:30]} 36.
Kc1 {[%emt 0:00:04]} Rbxe2 {[%emt 0:00:08]} 37. Bxe2 {[%emt 0:00:06]} Rxe2 {
[%emt 0:00:03]} 38. Ra4 {[%emt 0:04:22]} Re3 {[%emt 0:02:10]} 39. Nxa7 {
[%emt 0:04:32]} Rxb3 {[%emt 0:01:24]} 40. a6 {[%emt 0:00:00]} e4 {[%emt 0:00:
00]} 41. fxe4 {[%emt 0:01:28]} g5 {[%emt 0:00:38]} 42. Nc6 {[%emt 0:02:58]} 1-0

[Event "POL-chT 66th"]
[Site "Katowice"]
[Date "2010.09.05"]
[Round "2"]
[White "Rutkowski, Maciej"]
[Black "Cyborowski, Lukasz"]
[Result "1/2-1/2"]
[WhiteElo "2402"]
[BlackElo "2531"]
[Annotator "RR"]
[PlyCount "102"]
[EventDate "2010.09.04"]
[EventType "team-tourn"]
[EventRounds "9"]
[EventCountry "POL"]
[SourceTitle "EXT 2016"]
[Source "ChessBase"]
[SourceDate "2015.10.08"]
[SourceVersion "1"]
[SourceVersionDate "2015.10.08"]
[SourceQuality "1"]
[WhiteTeam "Gorzow Wielkopolski"]
[BlackTeam "Dankowice"]
[WhiteTeamCountry "POL"]
[BlackTeamCountry "POL"]

1. d4 Nf6 2. Nf3 g6 3. c4 Bg7 4. g3 d5 5. Bg2 O-O 6. O-O dxc4 7. Na3 Nc6 (7...
c3) 8. Nxc4 Be6 9. b3 Bd5 (9... a5 10. Bb2 Bd5 (10... a4)) 10. Bb2 a5 11. a4 {
[%csl Rb4]} (11. Rc1) (11. Ne3 Be4 12. a3 Qc8 13. Nc4 $14 {Nikolic,P (2619)
-Drazic,S (2473) SRB-chT Kragujevac 2013 (4.4) 1-0}) 11... Nb4 12. e3 c6 13.
Nce5 $146 (13. Qe2 Be4 14. Ne1 Bxg2 15. Nxg2 b5 16. Ne5 Nd7 17. Nxd7 Qxd7 18.
Nf4 Rfb8 19. Rfd1 e6 20. h4 Qe7 21. Rac1 Rb6 22. Ba3 bxa4 23. bxa4 Qb7 24. Rc4
Bf8 25. Bc1 Qa6 26. e4 Rd8 27. Rd2 Rb7 28. Rb2 Rbd7 29. Be3 e5 30. dxe5 Rd1+
31. Kh2 Ra1 32. e6 fxe6 33. Nxe6 Rdd1 34. Rd4 Qxe2 35. Rxe2 Rxd4 36. Bxd4 Rxa4
37. Nxf8 Kxf8 38. Rd2 Ke8 39. Bb6 Na2 40. Rd8+ Ke7 41. Ra8 Nc3 42. Bc5+ Kf6 {
Karpov,A (2696)-Ye,J (2616) Shenyang 2000 1/2-1/2}) 13... Nd7 14. Nd3 Nxd3 15.
Qxd3 Bxf3 16. Bxf3 Ne5 $1 $11 17. Qe2 Nxf3+ 18. Qxf3 e6 (18... Re8 19. Rfd1 Qc7
20. Rac1 e5 21. d5) 19. Rfc1 Qb6 $1 {[%csl Rb3]} 20. Qd1 Rfd8 21. Qc2 Rd5 22.
Rab1 Rad8 23. Qc4 h5 24. Bc3 Qc7 (24... h4) 25. h4 R5d7 26. Qc5 Rd5 27. Qc4
R5d7 28. b4 axb4 29. Bxb4 e5 30. dxe5 Bxe5 31. Be1 b5 $2 32. axb5 (32. Qe4 {
[%csl Rc6,Re5][%cal Ge4c6,Gc1c6]}) 32... cxb5 33. Qxc7 Rxc7 34. Rxc7 Bxc7 35.
Rxb5 Ra8 36. Bc3 {[%csl Rg8]} Bd6 37. Kg2 Bf8 38. f4 (38. Kf3) 38... Bg7 39.
Bxg7 Kxg7 40. f5 gxf5 41. Rxf5 Kg6 42. Rg5+ Kh6 43. Kf3 f6 44. Rd5 Kg6 45. g4 (
45. e4 Ra3+ 46. Kf4) 45... hxg4+ 46. Kxg4 Ra4+ 47. Rd4 Ra5 48. e4 Re5 49. Kf4
Rh5 50. Kg3 Re5 51. Kg4 Rxe4+ 1/2-1/2

[Event "Wisla Hugart op (Women)"]
[Site "Warsaw"]
[Date "1999.??.??"]
[Round "6"]
[White "Matveeva, Svetlana"]
[Black "Socko, Monika"]
[Result "1-0"]
[WhiteElo "2405"]
[BlackElo "2440"]
[Annotator "Ramon,V"]
[PlyCount "51"]
[EventDate "1999.??.??"]
[EventType "swiss"]
[EventRounds "10"]
[EventCountry "POL"]
[SourceTitle "EXT 2000"]
[Source "ChessBase"]
[SourceDate "1999.11.16"]
[SourceVersion "1"]
[SourceVersionDate "1999.11.16"]
[SourceQuality "1"]

1. d4 Nf6 2. Nf3 g6 3. c4 Bg7 4. g3 d5 5. Bg2 dxc4 6. Na3 O-O 7. O-O Nc6 {
La alternativa 7...c3, se encuentra en la preferencia de la eliteajedrecistica
: Karpov, Anand, Topalov y Gelfang, entre otros, y luego de 8.bxc3 hay dos
posibilidades principales: 9.e3 Cc6 10.De2 y 9.Cc4 Cc6. El plan elegido por Bo}
8. Nxc4 Be6 9. b3 Bd5 10. Bb2 a5 11. Rc1 a4 12. bxa4 Ra6 {Es un antidoto
contra 13.Cfe5.} 13. a3 {En caso de} (13. Nfe5 {sigue} Bxg2 14. Kxg2 Qa8 15.
Nxc6 bxc6 16. Kg1 (16. a5 c5+ 17. Kg1 Rd8 {por el peon sacrificado las negras
tienen una excelente coordinacion de piezas y contrajuego en el centro.}) 16...
Rxa4 17. a3 Nd7 (17... Rb8) 18. Ne5 Nxe5 19. dxe5 Rb8 20. Rc2 e6 21. Qd7 Ra5
22. e3 Bxe5 23. Bxe5 Rxe5 24. Rxc6 Ra5 25. Rxc7 Rf8 {como ocurrio en la
partida Karpov-Piket, Tilburg Fontys1996.}) 13... Qa8 14. a5 {Tambien se ha
jugado 14.Ce3.} Rd8 {Mas usuales son los movimientos que defienden al peon c7 
(17...Tc8 y 17...Ce8) El movimiento de la partida habia sido ensayado en la
partida Paelitz-Stohl, Bulgaria 1992.} 15. Re1 Nxa5 {Interesante es 15...Ae4
que parece el complemento de 14...Td8.} 16. Nxa5 Rxa5 17. Rxc7 e5 $5 18. e4
Nxe4 {La captura} (18... Bxe4 {conduce a algunas escaramuzas tacticas:} 19. Re7
Nd5 20. Rxf7 Kxf7 21. Ng5+ Kg8 22. Bxe4 {con una posicion dinamica.}) 19. Qc2 {
Mejor 19.dxe5 b6 ventaja blanca.} b6 $6 {El negro pudo conseguir la igualdad
con} (19... exd4 20. Bxd4 Bxd4 21. Nxd4 Nd6) 20. Nxe5 Ng5 21. Nc6 $1 {Ahora la
ventaja blanca es indiscutible.} Bxg2 22. Kxg2 Rb5 $2 {De todas maneras la
psocion negra es desesperada:} (22... Ne6 23. Rxe6 $1 fxe6 24. Kg1 {Ventaja
blanca.}) (22... Bf8 23. Qc3 Bxa3 24. d5 $1 Bxb2 25. Ne7+ Kf8 26. Qxb2 {
con ataque de mate.}) 23. Ra7 Rxb2 24. Rxa8 Rxc2 25. Rxd8+ Bf8 26. h4 1-0

[Event "GBR-ch KO"]
[Site "London"]
[Date "2015.12.04"]
[Round "3.1"]
[White "Pert, Nicholas"]
[Black "Howell, David"]
[Result "1/2-1/2"]
[WhiteElo "2569"]
[BlackElo "2693"]
[Annotator "Sagar Shah/CB Website"]
[PlyCount "29"]
[EventDate "2015.12.01"]
[EventType "k.o."]
[EventRounds "3"]
[EventCountry "ENG"]
[SourceTitle "CBM 170"]
[Source "ChessBase"]
[SourceDate "2016.01.15"]
[SourceVersion "1"]
[SourceVersionDate "2016.01.15"]
[SourceQuality "1"]

1. d4 Nf6 2. Nf3 g6 3. g3 Bg7 4. Bg2 d5 5. c4 dxc4 6. Na3 c3 7. bxc3 O-O 8. O-O
c5 9. Re1 Bf5 $6 {This has been played once before by van Wely against Simen
Agdestein.} (9... Nc6 {is much better.}) 10. Ng5 $1 {A strong move attacking
the b7-pawn.} Bc8 {A sad retreat. At this point White should surely have an
advantage.} (10... Nc6 11. d5 Na5 12. e4 Bg4 13. f3 Bc8 14. Be3 {gave White a
clear opening edge in Agdestein-van Wely.}) 11. Rb1 h6 12. Nf3 Nc6 13. h3 $6 {
A very tame move and the reason for such a quick draw.} (13. e4 $1 {was
definitely the best move and would have given White a clear edge.} Bg4 14. d5
$1 Ne5 15. Rxb7 $14) 13... Bf5 14. Rxb7 Be4 (14... Ne4 $1) 15. Rb5 {A draw was
agreed although one can argue that White is slightly better in the final
position.} 1/2-1/2